<?xml version="1.0" encoding="UTF-8"?>
<record
    xmlns:xsi="http://www.w3.org/2001/XMLSchema-instance"
    xsi:schemaLocation="http://www.loc.gov/MARC21/slim http://www.loc.gov/standards/marcxml/schema/MARC21slim.xsd"
    xmlns="http://www.loc.gov/MARC21/slim">

  <leader>02605nam a22003257a 4500</leader>
  <controlfield tag="003">OSt</controlfield>
  <controlfield tag="005">20231123160520.0</controlfield>
  <controlfield tag="007">ta</controlfield>
  <controlfield tag="008">221116s2022    ck a   er     00| jdspa d</controlfield>
  <datafield tag="020" ind1=" " ind2=" ">
    <subfield code="a">9786289528510</subfield>
  </datafield>
  <datafield tag="040" ind1=" " ind2=" ">
    <subfield code="c">CO-MqBPB</subfield>
  </datafield>
  <datafield tag="041" ind1="0" ind2=" ">
    <subfield code="a">spa</subfield>
  </datafield>
  <datafield tag="082" ind1=" " ind2=" ">
    <subfield code="a">AC </subfield>
    <subfield code="b">SARq</subfield>
  </datafield>
  <datafield tag="100" ind1="1" ind2=" ">
    <subfield code="a">Sarmiento Sequeda, Favio</subfield>
    <subfield code="d">1984-</subfield>
    <subfield code="e">autor</subfield>
    <subfield code="9">234431</subfield>
  </datafield>
  <datafield tag="245" ind1="1" ind2="1">
    <subfield code="a">&#xA1;Qu&#xE9; siga la fiesta! /</subfield>
    <subfield code="c">Favio Sarmiento Sequeda</subfield>
  </datafield>
  <datafield tag="250" ind1=" " ind2=" ">
    <subfield code="a">Edici&#xF3;n especial</subfield>
  </datafield>
  <datafield tag="264" ind1=" " ind2="1">
    <subfield code="a">Bucaramanga, Colombia;</subfield>
    <subfield code="b">Ediciones Coraz&#xF3;n de Mango,</subfield>
    <subfield code="c">2022</subfield>
  </datafield>
  <datafield tag="300" ind1=" " ind2=" ">
    <subfield code="a">100 p&#xE1;ginas;</subfield>
    <subfield code="b">Ilustraciones en blanco y negro, Tapa R&#xFA;stica,</subfield>
    <subfield code="c">21 cm</subfield>
  </datafield>
  <datafield tag="490" ind1="0" ind2=" ">
    <subfield code="a">Plan Nacional de Lectura y Escritura Leer es mi Cuento / Ministerio de Cultura</subfield>
  </datafield>
  <datafield tag="500" ind1=" " ind2=" ">
    <subfield code="a">"Este libro muestras el compromiso del autor santandereano con la escritura imaginativa, pulcra e inquietante que no evade ning&#xFA;n tema porque sabe que es la condici&#xF3;n humana en todas sus perspectivas la que nutre a la buena narrativa".

Decid&#xED; bailar con Jos&#xE9; Miguel ese &#xFA;ltimo ritmo y me abrac&#xE9; a &#xE9;l mientras ard&#xED;a. Las llamas penetraban mi carne viva, pero pude tomar la mano de Jos&#xE9; Miguel para que se fundieran juntas en las fiestas de Santa Anita. Los borrachos del pueblo gritaban desprop&#xF3;sitos a los dos cuerpos en llamas.
Nadie quer&#xED;a apagar el fuego porque el fuego es fiesta.
Mis ojos pudieron ver de cerca esos ojos tristes de Jos&#xE9; Miguel, me aferr&#xE9; a su carne quemada hasta el &#xFA;ltimo suspiro de mis fuerzas. Nunca supe que pensaba de aquella noche, nunca supe si me odiaba o me amaba.
Pero ya est&#xE1;bamos fundidos los dos, en medio de la m&#xE1;s grande fiesta de carnicer&#xED;a humana, fundidos en el parque central de Santa Anita.
La fiesta contin&#xFA;o durante tres d&#xED;as sin parar. El se&#xF1;or alcalde regal&#xF3; cien canastas de cerveza para todo el que necesitase un poco de bebida fresca para festejar. La s cenizas volaron sobre el cielo de Santa Anita y algunas regiones aleda&#xF1;as durante todas las jornadas de celebraci&#xF3;n. Nada import&#xF3; porque s&#xF3;lo un sentimiento invad&#xED;a al pueblo: &#xA1;Qu&#xE9; siga la fiesta!.</subfield>
  </datafield>
  <datafield tag="521" ind1=" " ind2=" ">
    <subfield code="a">Recomendado para un p&#xFA;blico adulto </subfield>
  </datafield>
  <datafield tag="545" ind1=" " ind2=" ">
    <subfield code="a">Incluye datos biogr&#xE1;ficos del autor al final del texto</subfield>
  </datafield>
  <datafield tag="586" ind1=" " ind2=" ">
    <subfield code="a">Obra ganadora de la Beca de Creaci&#xF3;n Obra In&#xE9;dita de Cuento "Bucaramanga cree en su talento", 2021</subfield>
  </datafield>
  <datafield tag="650" ind1="1" ind2="7">
    <subfield code="a">Cuentos colombianos</subfield>
    <subfield code="y">Siglo XXI</subfield>
    <subfield code="2">ARMARC</subfield>
    <subfield code="9">234432</subfield>
  </datafield>
  <datafield tag="650" ind1="1" ind2="7">
    <subfield code="a">Literatura colombiana</subfield>
    <subfield code="y">Siglo XXI</subfield>
    <subfield code="2">ARMARC</subfield>
    <subfield code="9">3715</subfield>
  </datafield>
  <datafield tag="650" ind1="1" ind2="7">
    <subfield code="a">Vida cotidiana en la literatura</subfield>
    <subfield code="2">ARMARC</subfield>
    <subfield code="9">7540</subfield>
  </datafield>
  <datafield tag="650" ind1="1" ind2="7">
    <subfield code="a">Amor en la literatura</subfield>
    <subfield code="2">ARMARC</subfield>
    <subfield code="9">234433</subfield>
  </datafield>
  <datafield tag="650" ind1="1" ind2="7">
    <subfield code="a">Amistad en la literatura</subfield>
    <subfield code="2">ARMARC</subfield>
    <subfield code="9">497</subfield>
  </datafield>
  <datafield tag="942" ind1=" " ind2=" ">
    <subfield code="2">ddc</subfield>
    <subfield code="c">BKLIT</subfield>
  </datafield>
  <datafield tag="999" ind1=" " ind2=" ">
    <subfield code="c">15302</subfield>
    <subfield code="d">15302</subfield>
  </datafield>
  <datafield tag="952" ind1=" " ind2=" ">
    <subfield code="0">0</subfield>
    <subfield code="1">0</subfield>
    <subfield code="2">ddc</subfield>
    <subfield code="4">0</subfield>
    <subfield code="7">0</subfield>
    <subfield code="8">LA</subfield>
    <subfield code="a">BPMOS</subfield>
    <subfield code="b">BPMOS</subfield>
    <subfield code="c">FIC</subfield>
    <subfield code="d">2023-11-23</subfield>
    <subfield code="e">Dotaci&#xF3;n BNC 2023</subfield>
    <subfield code="i">NT</subfield>
    <subfield code="l">0</subfield>
    <subfield code="o">AC  SARq</subfield>
    <subfield code="p">MOS503500</subfield>
    <subfield code="r">2023-11-23</subfield>
    <subfield code="t">Ej. 1</subfield>
    <subfield code="w">2023-11-23</subfield>
    <subfield code="y">BKLIT</subfield>
    <subfield code="z">Quince d&#xED;as</subfield>
  </datafield>
  <datafield tag="952" ind1=" " ind2=" ">
    <subfield code="0">0</subfield>
    <subfield code="1">0</subfield>
    <subfield code="2">ddc</subfield>
    <subfield code="4">0</subfield>
    <subfield code="7">0</subfield>
    <subfield code="8">LA</subfield>
    <subfield code="a">MUS</subfield>
    <subfield code="b">MUS</subfield>
    <subfield code="c">FIC</subfield>
    <subfield code="d">2024-02-27</subfield>
    <subfield code="e">Dotaci&#xF3;n BNC 2023</subfield>
    <subfield code="i">NT</subfield>
    <subfield code="l">0</subfield>
    <subfield code="o">AC  SARq</subfield>
    <subfield code="p">MUS000368</subfield>
    <subfield code="r">2024-02-27</subfield>
    <subfield code="t">Ej.1</subfield>
    <subfield code="w">2024-02-27</subfield>
    <subfield code="y">BKLIT</subfield>
    <subfield code="z">Quince d&#xED;as</subfield>
  </datafield>
</record>
